How to shape your destiny now [

Bibliographic Details
Main Author: Robbins, Anthony
Format: Book
Published: California : Robbins Research International , 1989
Series:Personal power!
Subjects:

MARC

LEADER 00000cam a2200000 7i4500
001 0000001426
002 000001566
005 .0
020 |a T000000208 
090 0 0 |a 116   |b ROB 
100 1 |a Robbins, Anthony 
245 1 0 |a How to shape your destiny now [  |h soundrecording]   |c Anthony Robbins 
260 |a California :   |b Robbins Research International ,   |c 1989 
300 |a 2 sound cassette 
490 0 |a Personal power! 
650 0 0 |a Neuro-Associative conditioning systems#   |a Success conditioning#   |a Success 
999 |a 00032   |b KASET   |c KOLEKSI AUDIO VIDEO   |e PERPUSTAKAAN KOMUNITI PETALING JAYA